Spell the Marvel Hero #137 - Statistics

General Stats
  • This quiz has been taken 13 times
  • The average score is 10 of 14
Answer Stats
Picture Answer % Correct
Nick Fury
100%
Thor
100%
Punisher
83%
America Chavez
75%
Angel
75%
Captain Britain
75%
Captain Carter
75%
Rescue
75%
Thor (Jane Foster)
75%
Elsa Bloodstone
67%
Ikaris
67%
Armor
58%
Red Dagger
50%
Captain Ultra
17%
No matching quizzes found
Score Distribution
Percent of People with Each Score
Percentile by Number Answered
Your Score History
You have not taken this quiz